000 00676cam a2200253 4500
008 000000n2000 000 0 eng u
020 _a0406913463
035 _a(Sirsi) u105880
050 _a346.41078
100 _aPicarda, Hubert
245 4 _aThe law relating to receivers, managers and administrators.
250 _a3rd ed.
260 _aLondon
_bButterworths
_c2000
300 _alxxvii,663p. ; 25cm.
350 _a145.00
650 _aInsolvency
_96247
650 _aRECEIVERSHIP
650 _aINSOLVENCY ACT 1985
650 _aLAW OF PROPERTY ACT 1925
650 _aCOURT RECEIVERS
650 _aPRIVATE RECEIVERS
690 _aLAW-UK
942 _n0
999 _c100490
_d100490